00861nam a2200193 a 450000100100000000500170001000800410002704000250006824501310009326000850022430000210030949000420033065000470037265000440041965000460046365000360050995201050054599900170065000003623120200930075628.0120111s1987 cl 000 0 spa d aDO-SdBNPbspacBNPHU03aLa industria farmacéutica y farmoquímica :bdesarrollo histórico y posibilidades futuras ; Argentina, Brasil y México. aBuenos Aires :bComisión Económica para América Latina y El Caribe,c1987. a177 p. ;c23 cm.0 aEstudios e informes de la CEPAL ;v6524aIndustria farmacéuticazArgentina96230624aIndustria farmacéuticazBrasil96230724aIndustria farmacéuticazMéxico96230824aIndustria farmoquímica962309 001050718MOaGRbGRcCTd2012-01-11iLF1l0o p36231-10r2020-06-25w2020-06-25y1ZNo se presta c35722d35722